| 000 | 00393 a2200157 4500 | ||
|---|---|---|---|
| 005 | 20150624122550.0 | ||
| 008 | 150624b xxu||||| |||| 00| 0 eng d | ||
| 020 | _a9789351064640 | ||
| 080 |
_aF _bPAD |
||
| 100 | _aPadukone, Pia | ||
| 245 | _aWhere earth meets water | ||
| 260 |
_bHarlequin India _aMumbai _c2014 |
||
| 300 | _a269p. | ||
| 653 | _aFiction - English literature | ||
| 942 | _cBK | ||
| 999 |
_c82506 _d82505 |
||